000 00821cab a22002055a 4500
001 L146135
008 081211e20081020xxkad f s 000 0 eng d
035 _a(Sirsi) u146135
041 0 _aeng
110 2 _aEuroProperty
_91216
245 0 0 _aWorld-shaking statistics
260 _c2008
490 0 _aEuroProperty
_v20 October 2008, 12(1)
520 _aExplains that Global Property Research has launched an index (General Emerging Markets Index) that measures the performance of stocks in emerging real estate markets, which are challenging the developed world markets. Tables shows total return performance and volatility figures from the Index.
590 _aKA
650 2 4 _aGENERAL EMERGING MARKETS INDEX
651 4 _aEurope
690 _aPROPERTY-COMMERCIAL PROPERTY-COMMERCIAL PROPERTY MARKET
942 _n0
999 _c81041
_d81041